| 000 | 00888nam a2200253 a 4500 | ||
|---|---|---|---|
| 001 | 000038692 | ||
| 005 | 20250527115319.0 | ||
| 008 | 130418s1996 dr 001 0 spa d | ||
| 040 |
_aDO-SdBNP _bspa _cBNPHU |
||
| 082 |
_a658.4 _bR696c |
||
| 100 | 1 |
_aRodríguez, William, _d1954- _920169 |
|
| 245 | 1 | 0 |
_aCómo organizar una empresa / _cWilliam Rodríguez, Edgar Guillermo, Eleido Rodríguez. |
| 260 |
_aSanto Domingo : _bDe Colores, _c1996. |
||
| 300 |
_a247 p. ; _c20 cm. |
||
| 504 | _aBibliografía: p. 243-247. | ||
| 590 | _aInventariado, 2018/ YL | ||
| 650 | 0 |
_aAdministración industrial _95872 |
|
| 650 | 0 |
_aPlanificación empresarial _91780 |
|
| 650 | 4 |
_aPlanificación estratégica _92433 |
|
| 650 | 4 |
_aCrecimiento empresarial _920170 |
|
| 700 | 1 |
_aRodríguez, Eleido, _d1948- _920171 |
|
| 700 | 1 |
_aGuillermo, Edgar, _d1953- _920172 |
|
| 910 | _aValidado. Control de calidad EMS | ||
| 999 |
_c38182 _d38182 |
||